000 00734cam a2200265 4500
008 000000n2000 000 0 eng u
020 _a185941589X
035 _a(Sirsi) u106451
050 _a347
100 _aGrainger, Ian
245 4 _aThe Civil Procedure Rules in action
250 _a2nd ed.
260 _aLondon
_bCavendish Press
_c2000
300 _axxxiv, 724p. ; 23cm.
350 _a45.00
520 _a1st edition entitled An Introduction to The New Civil Procedure Rules. DO NOT APPLY IN SCOTLAND
650 _aCIVIL PROCEDURE RULES
650 _aLORD WOOLF
650 _aCIVIL JUSTICE
650 _aLITIGATION
650 _aTHE WHITE BOOK
690 _aLAW
700 _aFealy, Michael
942 _n0
999 _c100556
_d100556